Un comportamento estremamente illogico /

Lisa Praytor non desidera altro che scappare dal proprio mondo, iscrivendosi alla facoltà di psicologia della Woodlawn University, dall'altra parte degli Stati Uniti. Solomon Reed, invece, dal proprio mondo non riesce e non vuole uscire: da ormai tre anni gli attacchi di panico gli impediscono di av...

詳細記述

保存先:
書誌詳細
第一著者: Whaley, John Corey (著者)
その他の著者: Marcolini, Sara (翻訳家)
フォーマット: 図書
言語:イタリア語
出版事項: Milano : Mondadori, 2021
タグ: タグ追加
タグなし, このレコードへの初めてのタグを付けませんか!

MARC

LEADER 00000nam a22000007i 4500
001 IT\ICCU\TO1\0031542
003 ItRI
005 20260115232030.0
008 210130s2021 it |||||| |||||1|||||c
020 |a 9788804713562 
040 |b ita  |c importazione bologna sebina 
041 7 |a ita  |2 ISO-639-2 
082 |a 813.6  |9 NARRATIVA AMERICANA IN LINGUA INGLESE, 2000-  |2 23 
100 1 |a Whaley, John Corey  |0 IT\ICCU\VIAV\147852  |4 aut 
240 1 0 |a Highly illogical behavior  |3 IT\ICCU\TO1\0031543  |9 Whaley, John Corey 
245 1 3 |a Un comportamento estremamente illogico /  |c John Corey Whaley ; traduzione di Sara Marcolini. 
260 |a Milano :  |b Mondadori,  |c 2021 
300 |a 240 p. ;  |c 23 cm 
520 |a Lisa Praytor non desidera altro che scappare dal proprio mondo, iscrivendosi alla facoltà di psicologia della Woodlawn University, dall'altra parte degli Stati Uniti. Solomon Reed, invece, dal proprio mondo non riesce e non vuole uscire: da ormai tre anni gli attacchi di panico gli impediscono di avventurarsi anche solo nel giardino di casa. Agli occhi di Lisa, Solomon è perfetto come paziente numero uno della sua fulgida carriera di psicologa. Ma quando riesce ad avvicinarlo e a intrufolarsi insieme a Clark, il suo ragazzo, nelle giornate di Solomon, quello che è iniziato come un esperimento privo di scrupoli si trasforma in una vera, travolgente amicizia: e nessuno dei tre potrà mai più dirsi lo stesso. Forse quello era il momento più bello della sua vita, ma non poteva esserne certo. E se non l'avesse in qualche modo cercato, forse non sarebbe arrivato mai.. Età di lettura: da 13 anni. 
700 1 |a Marcolini, Sara  |0 IT\ICCU\RAVV\455411  |4 trl 
942 |2 ddc  |c BK  |n 0 
952 |0 0  |1 0  |4 0  |6 R_813_600000000000000_WHA  |7 0  |9 19103  |a BO  |b BO  |d 2026-01-15  |i 19314  |l 0  |o R 813.6 WHA  |p BO19314  |r 2026-01-15 23:20:30  |w 2026-01-15  |x [Sebina 5] [1 v.]  |y BK  |z 1 v. 
999 |c 16247  |d 16247